Handbok on printing technology (Record no. 136163)

MARC details
000 -LEADER
fixed length control field 00572nam a22001697a 4500
010 ## - LIBRARY OF CONGRESS CONTROL NUMBER
LC control number B-061172
020 ## - INTERNATIONAL STANDARD BOOK NUMBER
International Standard Book Number 8178330873
Terms of availability 975.00
035 ## - SYSTEM CONTROL NUMBER
System control number B-061172
037 ## - SOURCE OF ACQUISITION
Stock number Cen Lib/Ret
040 ## - CATALOGING SOURCE
Original cataloging agency DPL
Language of cataloging En
082 ## - DEWEY DECIMAL CLASSIFICATION NUMBER
Classification number 686
Item number HAN
110 ## - MAIN ENTRY--CORPORATE NAME
Subordinate unit National Institute of Industrial Research
9 (RLIN) 112605
245 ## - TITLE STATEMENT
Title Handbok on printing technology
Remainder of title offset, gravure, flexo, screen
Statement of responsibility, etc by National Institute of Industrial Research
260 ## - PUBLICATION, DISTRIBUTION, ETC. (IMPRINT)
Place of publication, distribution, etc New Delhi
Name of publisher, distributor, etc National Institute of Industrial Research
300 ## - PHYSICAL DESCRIPTION
Extent viii, 644p
Other physical details 24cm(Pb)
942 ## - ADDED ENTRY ELEMENTS (KOHA)
Source of classification or shelving scheme Dewey Decimal Classification
Koha item type English Books
Classification part 686
Call number suffix HAN
Holdings
Withdrawn status Lost status Damaged status Not for loan Home library Current library Date acquired Source of acquisition Cost, normal purchase price Total Checkouts Full call number Barcode Date last seen Copy number Cost, replacement price Price effective from Koha item type
        Central Library Central Library 22/12/2015 Cen Lib/Ret 975.00   686 HAN B-061172 22/12/2015 1 975.00 22/12/2015 English Books

© Delhi Public Library
Hit Counter
free hit counter